Porous aggregates in concrete (Record no. 104166)

MARC details
000 -LEADER
fixed length control field 00825cam a2200241 4500
001 - CONTROL NUMBER
control field L129376
008 - FIXED-LENGTH DATA ELEMENTS--GENERAL INFORMATION
fixed length control field 050414n2004 000 0 eng u
020 ## - INTERNATIONAL STANDARD BOOK NUMBER
International Standard Book Number 1860816940
035 ## - SYSTEM CONTROL NUMBER
System control number (Sirsi) u129376
041 ## - LANGUAGE CODE
Language code of text/sound track or separate title eng
050 ## - LIBRARY OF CONGRESS CALL NUMBER
Classification number 693.5
-- 18
100 ## - MAIN ENTRY--PERSONAL NAME
Personal name Collins, R. J.
245 ## - TITLE STATEMENT
Title Porous aggregates in concrete
Remainder of title sandstones from NW England
260 ## - PUBLICATION, DISTRIBUTION, ETC.
Place of publication, distribution, etc. Watford
Name of publisher, distributor, etc. BRE
Date of publication, distribution, etc. 2004
300 ## - PHYSICAL DESCRIPTION
Extent 6p.
Dimensions 30cm.
350 ## - PRICE (NR) (BK AM CF MU VM SE) [OBSOLETE]
Price 12
490 ## - SERIES STATEMENT
Series statement BRE Information Paper
Volume/sequential designation 6/04
520 ## - SUMMARY, ETC.
Summary, etc. Reports on tests on concrete made from a number of crushed rock sources at present little used in concrete.
690 ## - LOCAL SUBJECT ADDED ENTRY--TOPICAL TERM (OCLC, RLIN)
Topical term or geographic name as entry element BUILT ENVIRONMENT-BUILDING MATERIALS- CEMENTITIOUS, CONCRETE AND MINERAL BOUND MATERIALS
710 ## - ADDED ENTRY--CORPORATE NAME
Corporate name or jurisdiction name as entry element United Kingdom
Subordinate unit Department of Trade and Industry
710 ## - ADDED ENTRY--CORPORATE NAME
Corporate name or jurisdiction name as entry element Building Research Establishment
942 ## - ADDED ENTRY ELEMENTS (KOHA)
Suppress in OPAC 0
Holdings
Withdrawn status Lost status Source of classification or shelving scheme Damaged status Not for loan Home library Current library Shelving location Date acquired Total Checkouts Full call number Barcode Date last seen Copy number Price effective from Koha item type
    Dewey Decimal Classification     London London BRE publications 14/04/2005   ENQUIRY DESK 30069766 06/08/2019 1 06/08/2019 Book